| 000 | 01805nam0a2200373 4500 | ||
|---|---|---|---|
| 001 | RU\NLR\BIBL_A\022600288 | ||
| 005 | 20260420052001.0 | ||
| 010 |
_a978-5-04-196115-2 _97000 |
||
| 021 |
_aRU _bКН-П-25-035079 _9КН-П-25-3461 |
||
| 035 | _a(NLR Aleph) 022600288 | ||
| 090 |
_a13681361 _c13681361 |
||
| 100 | _a20250813d2025 d y0rusy50 ca | ||
| 101 | 1 |
_arus _ceng |
|
| 102 | _aRU | ||
| 105 | _aa|||z|||000ay | ||
| 181 | 0 |
_ai3 _baxxe |
|
| 181 | 0 |
_ab1 _bbb2e |
|
| 182 | 0 | _an | |
| 200 | 1 |
_aСказание о Кише _eрассказы _e[для среднего школьного возраста] _fДжек Лондон _g[перевод с английского Марии Богословской и др.] _gиллюстрации Владимира Кунивца |
|
| 203 |
_aТекст _aИзображение _bвизуальные _cнепосредственные |
||
| 210 |
_aМосква _cЭксмо, #эксмодетство _d2025 |
||
| 215 |
_a138, [2] с., [8] л. цв. ил. _cцв. ил. _d22 |
||
| 225 | 1 | _aКниги для внеклассного чтения | |
| 327 | 1 | _aСодерж.: Сказание о Кише; Любовь к жизни; Меченый; Бурый волк; В далёкой стране; За тех, кто в пути; Дочь северного сияния; Жена короля | |
| 333 | _a6+ | ||
| 686 | 0 | _aШ9(7США)62-4 | |
| 700 | 1 |
_7ca _8rus _aЛондон _bД. _f1876-1916 _gДжек _9117396 _3RU\NLR\AUTH\777462 |
|
| 702 | 1 |
_aКанивец _bВ. В. _f1923-2017 _gВладимир Васильевич _4440 |
|
| 942 | _cBOOK | ||
| 980 | _aNB | ||